| 000 | 00699nam a22002177a 4500 | ||
|---|---|---|---|
| 005 | 20260403113247.0 | ||
| 008 | 240801b2025 us ||||| |||| 00| | eng d | ||
| 041 | _aeng | ||
| 082 |
_a657 _bĐ-NG |
||
| 100 | _aĐào Khánh Ngân | ||
| 245 |
_aAuditors' ethical perceptions on AI auditing in Viet Nam / _cĐào Khánh Ngân ; Nghd. : Nguyễn Thị Kim Oanh |
||
| 260 |
_aH. : _bTrường Quốc tế, _c2026 |
||
| 300 |
_a55 p. ; _c30 cm. |
||
| 653 | _aAC2022 | ||
| 653 | _aKhóa luận chương trình AC | ||
| 653 | _aKế toán, Phân tích và Kiểm toán (AC) | ||
| 700 | _aNguyễn Thị Kim Oanh, người hướng dẫn | ||
| 911 | _aDung | ||
| 918 | _aINS4011 | ||
| 942 |
_2ddc _cKL |
||
| 999 |
_c11383 _d11383 |
||